000 00783nam a2200253Ia 4500
003 OSt
005 20221005083233.0
006 a|||||r|||| 00| 0
007 ta
008 221004b |||||||| |||| 00| 0 eng d
024 _a51126
037 _cTextual
040 _aCRL
_cCRL
_beng
041 _2eng
_aeng
082 _aT4:[D65,8(B)].2.M88, M9
110 _aUniversity Grants Commission
_991664
245 0 _aDevelopment of an information and library network
_b Report of the inter agency working group.
260 _aNew Delhi
_bUniversity Grants Commission India
_c1989
300 _a473p.
_ccm.
650 _aEDUCATION
700 _aUniversity Grants Commission
_991665
942 _hT4:[D65,8(B)].2.M88, M9
_cTEXL
_2cc
999 _c990519
_d990519